000
00216 a2200109 4500
020
_a
9781616381493
041
_a
eng
100
_a
Cherie Calbom
245
_a
The juice ladys turbo diet
942
_c
BK
952
_7
1
999
_c
22255
_d
22255